Central Library OPAC University of Rajshahi

Plant sperm cells as tools for biotechnology / (Record no. 69405)

MARC details
000 -LEADER
fixed length control field 00816nam a2200253 a 4500
001 - CONTROL NUMBER
control field 69405
003 - CONTROL NUMBER IDENTIFIER
rucl marc code BD-RjUL
005 - DATE AND TIME OF LATEST TRANSACTION
control field 20211209081902.0
008 - FIXED-LENGTH DATA ELEMENTS--GENERAL INFORMATION
fixed length control field 881130s1988 ne a b 000 0 eng d
020 ## - INTERNATIONAL STANDARD BOOK NUMBER
International Standard Book Number 9022009580
035 ## - SYSTEM CONTROL NUMBER
System control number (BD-RjUL)69616
040 ## - CATALOGING SOURCE
Original cataloging agency AGL
Transcribing agency AGL
Modifying agency VPI
-- MYG
-- BD-RjUL
Language of cataloging eng
041 ## - LANGUAGE CODE
Language code of text/sound track or separate title eng
082 ## - DEWEY DECIMAL CLASSIFICATION NUMBER
Edition number 23
Classification number 631.53
Author mark and year PLA 1988
245 10 - TITLE STATEMENT
Title Plant sperm cells as tools for biotechnology /
Statement of responsibility, etc. H.J. Wilms and C.J. Keijzer, eds.
260 ## - PUBLICATION, DISTRIBUTION, ETC. (IMPRINT)
Place of publication, distribution, etc. Wageningen, the Netherlands :
Name of publisher, distributor, etc. Pudoc,
Date of publication, distribution, etc. 1988.
300 ## - PHYSICAL DESCRIPTION
Pagination x, 177 p. :
Illustrations ill. ;
Size 25 cm.
504 ## - BIBLIOGRAPHY, ETC. NOTE
Bibliography, etc Includes bibliographical references.
650 #0 - SUBJECT ADDED ENTRY--TOPICAL TERM
Topical term or geographic name as entry element Plant breeding.
9 (RLIN) 205597
Topical term or geographic name as entry element Plant genetic engineering.
9 (RLIN) 202228
700 1# - ADDED ENTRY--PERSONAL NAME
Personal name Wilms, H. J.
Personal name Keijzer, C. J.
Fuller form of name (Christiaan Jacobus),
Dates associated with a name 1950-
942 ## - ADDED ENTRY ELEMENTS (KOHA)
Source of classification or shelving scheme Dewey Decimal Classification
Koha item type Books
Holdings
Lost status Source of classification or shelving scheme Damaged status Not for loan Collection code Permanent Location Current Location Shelving location Date acquired Source of acquisition Cost, normal purchase price Total Checkouts Full call number Date last seen Copy number Koha item type
  Dewey Decimal Classification   Not For Loan Non-fiction Central Library, University of Rajshahi Central Library, University of Rajshahi Reading Room 03/01/2009 Mallik Book 1700.00   631.53 PLA 1988 11/04/2017 C-1 Books